ASP.NET XML webová služba poskytujúca usporiadané informácie o aktuálnych zásobách hotových výrobkov firmy diplomová práca

Uložené v:
Podrobná bibliografia
Hlavný autor: Kubík, Peter, 1978-
Korporativný autor: Fakulta hospodárskej informatiky EU. Katedra aplikovanej informatiky
Ďalší autori: Košťál, Igor, 1962-
Médium: Kniha
Jazyk:Slovak
Vydavateľské údaje: Bratislava 2017
Tagy: Pridať tag
Žiadne tagy, Buďte prvý, kto otaguje tento záznam!

MARC

LEADER 00000nbm a2200000 4500
001 0232988
005 20240918085752.6
041 0 |a slo 
044 |a SK 
245 1 0 |a ASP.NET XML webová služba poskytujúca usporiadané informácie o aktuálnych zásobách hotových výrobkov firmy  |b diplomová práca  |c Peter Kubík ; školiteľ: Igor Košťál 
264 1 |a Bratislava  |c 2017 
300 |a 59 s. 
100 1 |a Kubík, Peter, 1978- 
700 1 |a Košťál, Igor, 1962- 
710 2 |a Fakulta hospodárskej informatiky EU. Katedra aplikovanej informatiky